000 00455nmm a2200157Ia 4500
008 251105s9999||||xx |||||||||||||||||und||
020 _a9791021304857
041 _aspa
100 _aFeuillet, Octavio
245 0 _aObras de Octavio Feuillet
264 _a[París, Francia] :
_bEdiciones la Biblioteca Digital,
_c2012
300 _a372 páginas
650 _aFrench narrative
856 _uhttps://public.digitaliapublishing.com/a/26249
942 _cCF
999 _c98004
_d98004